Гавриил Иванович Гурин (Запись № 9892431)

Подробности
000 -МАРКЕР
контрольное поле 02602nam0a2200433 i 4500
001 - ИДЕНТИФИКАТОР ЗАПИСИ
контрольное поле RU\NLR\BIBL_A\010019205
005 - ИДЕНТИФИКАТОР ВЕРСИИ
контрольное поле 20260407203119.0
010 ## - МЕЖДУНАРОДНЫЙ СТАНДАРТНЫЙ НОМЕР КНИГИ (ISBN)
Номер (ISBN) 9785967508424
Тираж 100
021 ## - НОМЕР ГОСУДАРСТВЕННОЙ РЕГИСТРАЦИИ
Код страны Российская Федерация
Номер 2013-92421
Номер Листа государственной регистраци 6400
035 ## - ДРУГИЕ СИСТЕМНЫЕ НОМЕРА
Идентификатор записи (NILC)RuMoRGB-006696810
035 ## - ДРУГИЕ СИСТЕМНЫЕ НОМЕРА
Идентификатор записи (NLR Aleph) 010019205
100 ## - ДАННЫЕ ОБЩЕЙ ОБРАБОТКИ
Данные общей обработки 20131227d2013 um y0rusy50 ca
101 0# - ЯЗЫК РЕСУРСА
Язык текста, звукозаписи и т.д. русский
Язык резюме английский
102 ## - СТРАНА ПУБЛИКАЦИИ ИЛИ ПРОИЗВОДСТВА
Страна публикации Российская Федерация
105 ## - ПОЛЕ КОДИРОВАННЫХ ДАННЫХ: ТЕКСТОВЫЕ МАТЕРИАЛЫ, МОНОГРАФИЧЕСКИЕ
Кодированные данные о монографическом текстовом документе a||||||||||||
200 1# - ЗАГЛАВИЕ И СВЕДЕНИЯ ОБ ОТВЕТСТВЕННОСТИ
Основное заглавие Гавриил Иванович Гурин
Параллельное заглавие Gavriil Ivanovich Gurin
Сведения, относящиеся к заглавию (к 155-летию со дня рождения)
-- биобиблиографический указатель
Первые сведения об ответственности М-во сел. хоз-ва Рос. Федерации, Федер. гос. бюджет. образоват. учреждение высш. проф. образования "Рос. гос. аграр. ун-т - МСХА им. К. А. Тимирязева", Зооинж. фак., Каф. зоогигиены, акушерства и ветеринарии
Последующие сведения об ответственности [подгот.: В. Г. Зароза и др.
-- редкол.: В.М. Баутин, акад. РАСХН - пред. и др.]
Язык параллельного заглавия английский
210 ## - ПУБЛИКАЦИЯ, РАСПРОСТРАНЕНИЕ И ДР.
Место издания, распространения и т.д. Москва
Имя издателя, распространителя и т. д. Изд-во РГАУ-МСХА
Дата издания, распространения и т.д. 2013
215 ## - ФИЗИЧЕСКАЯ ХАРАКТЕРИСТИКА
Специфическое обозначение материала и объем 69 с.
Другие сведения о физической характеристике портр., ил., цв. ил., факс.
Размеры 21
225 1# - СЕРИЯ
Основное заглавие серии Ученые Тимирязевской академии
300 ## - ОБЩИЕ ПРИМЕЧАНИЯ
Текст примечания Рез. на англ. яз.
320 ## - ПРИМЕЧАНИЯ О НАЛИЧИИ В ДОКУМЕНТЕ БИБЛИОГРАФИИ / УКАЗАТЕЛЯ
Текст примечания Указ. тр. Г.И. Гурина: с. 23-36
320 ## - ПРИМЕЧАНИЯ О НАЛИЧИИ В ДОКУМЕНТЕ БИБЛИОГРАФИИ / УКАЗАТЕЛЯ
Текст примечания Алф. указ. тр. Г.И. Гурина: с. 38-43
510 0# - ПАРАЛЛЕЛЬНОЕ ЗАГЛАВИЕ
Параллельное заглавие Gavriil Ivanovich Gurin
Язык заглавия английский
600 #1 - ИМЯ ЛИЦА КАК ПРЕДМЕТ
Начальный элемент ввода Гурин
Часть имени, кроме начального элемента ввода Г.И.
Даты 1858 - 1933
Расширение инициалов личного имени Гавриил Иванович
Формальный подзаголовок Биобиблиография
Системный номер авторитетной/нормативной записи 2170767
Идентификатор авторитетной/нормативной записи RU\NLR\AUTH\6601542352
675 ## - УНИВЕРСАЛЬНАЯ ДЕСЯТИЧНАЯ КЛАССИФИКАЦИЯ (UDC/УДК)
Индекс 012Гурин
675 ## - УНИВЕРСАЛЬНАЯ ДЕСЯТИЧНАЯ КЛАССИФИКАЦИЯ (UDC/УДК)
Индекс 016:619(47+57)(092)
686 1# - ИНДЕКСЫ ДРУГИХ КЛАССИФИКАЦИЙ
Индекс П8д(2)Гурин
702 #1 - ИМЯ ЛИЦА - ВТОРИЧНАЯ ОТВЕТСТВЕННОСТЬ
Код отношения Прочие
Графика поля Кириллица
Материалы, к которым относится поле rus
Начальный элемент ввода Гурин
Часть имени, кроме начального элемента ввода Г. И.
Даты 1858-1933
Расширение инициалов личного имени Гавриил Иванович
Системный номер авторитетной/нормативной записи 262761
Идентификатор авторитетной/нормативной записи RU\NLR\AUTH\770262817
702 #1 - ИМЯ ЛИЦА - ВТОРИЧНАЯ ОТВЕТСТВЕННОСТЬ
Начальный элемент ввода Баутин
Часть имени, кроме начального элемента ввода В.М.
Расширение инициалов личного имени Владимир Моисеевич
Код отношения Редактор
702 #1 - ИМЯ ЛИЦА - ВТОРИЧНАЯ ОТВЕТСТВЕННОСТЬ
Начальный элемент ввода Зароза
Часть имени, кроме начального элемента ввода В. Г.
Расширение инициалов личного имени Василий Григорьевич
Код отношения Составитель
712 02 - НАИМЕНОВАНИЕ ОРГАНИЗАЦИИ - ВТОРИЧНАЯ ОТВЕТСТВЕННОСТЬ
Код отношения Прочие
Начальный элемент ввода Российский государственный аграрный университет - МСХА им. К. А. Тимирязева
Структурное подразделение Кафедра зоогигиены, акушерства и ветеринарии
Идентификатор авторитетной/нормативной записи RU\NLR\AUTH\8810134835
Системный номер авторитетной/нормативной записи 765669
801 #0 - ИСТОЧНИК ЗАПИСИ
Страна Российская Федерация
Организация RuMoRKP
Дата составления 20131114
Правила каталогизации RCR
801 #2 - ИСТОЧНИК ЗАПИСИ
Страна Российская Федерация
Организация РГБ
Дата составления 20131206
Правила каталогизации rcr
942 ## - ДОПОЛНИТЕЛЬНЫЕ ЭЛЕМЕНТЫ ЗАПИСИ (АБИС)
Тип экземпляра АБИС Книга
980 ## - КОЛЛЕКЦИЯ
Название коллекции НБР

Нет доступных экземпляров.